000 00748nam a2200265Ia 4500
001 dia_3339
003 CHAP
005 20230518120518.0
008 220117s1988 xx 000 0 und d
010 _a173812
020 _a968-24-2673-1
040 _cCHAP
082 _a629.8 S4Y
100 _aShannon, Robert E.
_9105483
245 _aSimulación de Sistemas; Diseño, Desarrollo e Implantación /
_c por Robert E. Shannon
260 _aMéxico, DF :
_b Trillas,
_c1988
300 _a427 P.
503 _aC/E
650 _a1.Ingeniería de Sistemas
_9154523
650 _aSimulación
_9106523
901 _a629.8 S4Y
902 _aM
905 _a0000001988 mx M 0000000000spa00
942 _cLIBRO
_2ddc
999 _c173812
_d173812